| 000 | 01170nam a22002417a 4500 | ||
|---|---|---|---|
| 999 |
_c9791 _d9791 |
||
| 003 | AR-CdUCM | ||
| 008 | 190328b ||||| |||| 00| 0 spa d | ||
| 040 |
_aMUNICIPALIDAD PROVINCIAL DEL CUSCO _cBIBLIOTECA MUNICIPAL DEL CUSCO |
||
| 082 |
_a869.552 / _bR53R / 1951 |
||
| 110 |
_aEdiciones Cultura Antártica _926231 |
||
| 245 | _aRicardo Palma / | ||
| 260 |
_aLima : _bEditorial Cultura Antartica, _c1949. |
||
| 300 |
_a5 tomos ; _c23 cm. _bilustraciones, laminas, retratos, |
||
| 500 | _at.2: Epistolario t.4: Tradiciones Peruanas t.5: Tradiciones Peruanas | ||
| 505 | _aContenido: t.2: De Miguel Cané -- De Carlos Toribio Robinet -- De Martín García Merou -- De Francisco Lagomaggiore -- De Adolfo Dávila ... -- t.4: Juicios críticos -- Séptima serie -- Octava serie -- t.5: Los incas ajedrecistas -- La Historia del Perú por el padre Urias -- El ciego de la Merced -- Minucias Históricas -- Mi ultima tradición ... | ||
| 650 |
_aTradiciones Peruanas _9305 |
||
| 650 |
_aLiteratura peruana _9169 |
||
| 650 |
_aCuentos _9217 |
||
| 650 |
_aSiglo XIX _9971 |
||
| 700 |
_aPorras Barrenechea, Raúl (director) _926232 |
||
| 942 |
_2ddc _cLIBROS |
||
| 945 | _arjall | ||